[Event "AUTO-INT-2653"]
[Site "http://www.queenalice.com/game.php?id=1236368"]
[Date "2013.11.29"]
[Round "2"]
[White "rafael_100000"]
[Black "lani"]
[Result "1-0"]
[WhiteElo "1742"]
[BlackElo "1887"]

1. e4 e5 2. Nf3 d6 3. Be2 Nf6 4. Nc3 c6 5. d4 exd4 6. Nxd4 Be7 7. O-O a6 8. Bg5
h6 9. Be3 c5 10. Nf5 O-O 11. Bd3 Nc6 12. Nd5 Bxf5 13. Nxe7+ Nxe7 14. exf5 Qc7
15. Re1 Qd7 16. Qf3 Rab8 17. Bd2 b5 18. Ba5 Nc6 19. Bc3 Nh7 20. Qg4 Rbe8 21.
Qxg7# 1-0

[Event "AUTO-INT-2712"]
[Site "http://www.queenalice.com/game.php?id=1251807"]
[Date "2014.1.27"]
[Round "2"]
[White "NickThorp"]
[Black "lani"]
[Result "0-1"]
[WhiteElo "1735"]
[BlackElo "1871"]

1. e4 e5 2. Nf3 Nf6 3. Nc3 d6 4. Bc4 Be6 5. Bxe6 fxe6 6. O-O Be7 7. d3 h6 8. b3
O-O 9. Be3 d5 10. exd5 exd5 11. Nxe5 Nbd7 12. Ng6 Re8 13. Qf3 Nf8 14. Ne5 Bd6
15. Ng4 Nxg4 16. Qxg4 Re6 17. Nxd5 Rg6 18. Qc4 Kh8 19. Rae1 c6 20. Nf4 Rf6 21.
Nh5 b5 22. Qxc6 Bxh2+ 23. Kxh2 Rxc6 24. c4 Qh4+ 25. Kg1 Qxh5 26. g3 Nh7 27. Bf4
Rc5 28. d4 Rf5 29. d5 Qg4 30. Kg2 Rxf4 31. f3 Qg6 32. Re6 Rf6 33. Re4 Raf8 34.
Rg4 Qh5 35. Rh4 Qf7 36. f4 Rd6 37. Kh3 bxc4 38. bxc4 Ra6 39. Rf2 Qf5+ 40. Rg4 h5
0-1

[Event "AUTO-INT-2712"]
[Site "http://www.queenalice.com/game.php?id=1251808"]
[Date "2014.1.27"]
[Round "2"]
[White "lani"]
[Black "NickThorp"]
[Result "0-1"]
[WhiteElo "1868"]
[BlackElo "1697"]

1. e4 e5 2. Nf3 Nc6 3. Bc4 d6 4. d3 Bg4 5. h3 Bh5 6. g4 Bg6 7. Ng5 Nd4 8. c3 Nc6
9. Qb3 Qe7 10. Nd2 Qxg5 11. Nf3 Qf6 12. Ng5 O-O-O 13. Bxf7 Nge7 14. Bxg6 Nxg6
15. a3 h6 16. Nf7 Qf3 17. Rh2 Nf4 18. Bxf4 Qxf4 19. Rh1 Qf3 20. Rf1 Qxd3 21. Rd1
Qxe4+ 22. Kd2 Be7 23. Rde1 Bg5+ 24. Kd1 Qf3+ 25. Re2 Qd3+ 26. Ke1 Qb1+ 27. Qd1
Qa2 28. Nxh8 Rxh8 29. Rh1 Rf8 30. h4 Bf4 31. Rg1 g5 32. hxg5 Bxg5 33. Kf1 Qc4
34. Rg2 Rf4 35. Qc2 e4 36. b3 Qd3 37. Qxd3 exd3 38. Rd2 Rf3 39. Rd1 d2 40. Ke2
Rxc3 41. f3 Rc1 42. Rxd2 Bxd2 43. Kxd2 Rc5 44. Rh2 Nd4 45. b4 Rc2+ 0-1

[Event "AUTO-INT-2712"]
[Site "http://www.queenalice.com/game.php?id=1251813"]
[Date "2014.1.27"]
[Round "2"]
[White "lani"]
[Black "Ricardoabreu"]
[Result "1-0"]
[WhiteElo "1871"]
[BlackElo "1490"]

1. e4 e5 2. Nf3 Qe7 3. Bc4 d6 4. h3 Be6 5. Bb3 Bxb3 6. axb3 Nf6 7. d3 Nbd7 8.
O-O g6 9. Nc3 c6 10. Be3 h6 11. Qd2 h5 12. Nh2 Bg7 13. f4 exf4 14. Bxf4 Ng8 15.
Be3 Bh6 16. Ne2 Qe5 17. d4 Qxe4 18. Bxh6 Nxh6 19. Rae1 O-O-O 20. Ng3 Qd5 21. c4
Qxg2+ 22. Qxg2 1-0

[Event "AUTO-INT-2712"]
[Site "http://www.queenalice.com/game.php?id=1251814"]
[Date "2014.1.27"]
[Round "2"]
[White "Ricardoabreu"]
[Black "lani"]
[Result "0-1"]
[WhiteElo "1511"]
[BlackElo "1890"]

1. e4 e5 2. Qf3 Nf6 3. b3 Be7 4. Bb2 d6 5. Bc4 Be6 6. Bxe6 fxe6 7. Nh3 h6 8. Nc3
O-O 9. Qe3 c6 10. O-O-O Nbd7 11. f4 exf4 12. Nxf4 Nc5 13. b4 Na6 14. Nxe6 Ng4
15. Nxd8 Nxe3 16. dxe3 Raxd8 17. a3 b5 18. g3 Rf2 19. Na2 Re2 20. Bd4 c5 21.
bxc5 dxc5 22. Bc3 b4 23. axb4 cxb4 24. Bd4 Bg5 25. Rd3 Rc8 26. Rd2 Bxe3 27. Bxe3
Rxe3 28. Rhd1 Rxe4 29. Rd4 Rc4 30. Rd8+ Kh7 31. Ra8 b3 32. Nb4 Nxb4 33. Rd2
Rxc2+ 34. Rxc2 bxc2 35. Rxa7 Re1+ 0-1

[Event "Brazilian Flash "]
[Site "http://www.queenalice.com/game.php?id=1258599"]
[Date "2014.2.21"]
[Round "1"]
[White "lani"]
[Black "Joseilton"]
[Result "0-1"]
[WhiteElo "1878"]
[BlackElo "2105"]

1. e4 c5 2. Nc3 Nc6 3. Nf3 d6 4. h3 Nf6 5. d3 e6 6. Bd2 a6 7. a3 b5 8. Be2 Bb7
9. O-O Be7 10. b3 Qc7 11. Nh2 O-O-O 12. f4 e5 13. f5 Nd4 14. Ng4 Qb6 15. Kh1 h5
16. Nxf6 Bxf6 17. Bxh5 Qc6 18. Bxf7 Qc7 19. Bh5 Nxc2 20. Ra2 Nd4 21. Be3 d5 22.
Bf3 Nxf3 23. Qxf3 d4 24. Nxb5 axb5 25. Rc1 dxe3 26. Qxe3 Rd4 27. Rac2 Be7 28. b4
Kb8 0-1

[Event "Duduca10"]
[Site "http://www.queenalice.com/game.php?id=1260332"]
[Date "2014.2.27"]
[Round "3"]
[White "lani"]
[Black "sphagnis"]
[Result "1-0"]
[WhiteElo "1878"]
[BlackElo "1543"]

1. e4 e5 2. Nf3 Nc6 3. d3 Bc5 4. c3 d6 5. h3 Nf6 6. Be2 h6 7. a4 a5 8. Bd2 O-O
9. O-O Nh5 10. Nxe5 dxe5 11. Bxh5 Qxd3 12. Be2 Qxe4 13. Re1 Qf5 14. Rf1 Rd8 15.
Qc1 Be7 16. Bg4 Qf6 17. Bxc8 Raxc8 18. b3 e4 19. Be3 b6 20. Qc2 Qe5 21. Nd2 Bf6
22. Nxe4 Kf8 23. Rac1 Be7 24. Rfe1 Bd6 25. Ng3 h5 26. Nf1 Kg8 27. h4 Re8 28.
Rcd1 g6 29. g3 Qe6 30. Bc5 Qf6 31. Bxd6 cxd6 32. Qd2 Rxe1 33. Rxe1 Kg7 34. Ne3
Kf8 35. Nd5 Qg7 36. Nxb6 Rd8 37. Nd5 Ne5 38. Kg2 Re8 39. c4 Nc6 40. Rxe8+ Kxe8
41. Qg5 Qf8 42. Nf6+ Kd8 43. Nxh5+ Ne7 44. Qxa5+ Kc8 45. Qa6+ Kd7 46. Qb7+ Ke6
47. Qe4+ Kd7 48. Nf6+ Kc7 49. Nd5+ Nxd5 50. Qxd5 f5 51. b4 Qb8 52. Qa5+ Qb6 53.
Qxb6+ Kxb6 54. Kf3 Kc6 55. Kf4 d5 56. cxd5+ Kxd5 57. Kg5 Kc4 58. b5 Kc5 59. Kxg6
Kb6 60. Kxf5 Ka5 61. h5 Kxa4 62. b6 Ka5 63. b7 Kb6 64. b8=Q+ Kc5 65. Qd8 Kc6 66.
Ke5 Kc5 67. Qc7+ Kb5 68. Kd4 Kb4 69. Qb6+ Ka4 70. Kc3 Ka3 71. Qa5# 1-0

[Event "AUTO-INT-2712"]
[Site "http://www.queenalice.com/game.php?id=1275215"]
[Date "2014.4.22"]
[Round "3"]
[White "lani"]
[Black "daniel0176"]
[Result "0-1"]
[WhiteElo "1760"]
[BlackElo "1693"]

1. e4 e6 2. d4 Bd6 3. Nc3 e5 4. d5 h6 5. Be2 c6 6. Nf3 cxd5 7. Nxd5 Ne7 8. Nxe7
Bxe7 9. O-O O-O 10. Nxe5 d6 11. Nf3 Bg4 12. h3 Bxf3 13. Bxf3 Nc6 14. Be3 Ne5 15.
Be2 Bg5 16. Bxg5 Qxg5 17. f4 Qf6 18. fxe5 Qxe5 19. c3 Qxe4 20. Bf3 Qe3+ 21. Kh1
Rab8 22. Qxd6 Rbd8 23. Qg3 Rfe8 24. Rae1 Qb6 25. Rxe8+ Rxe8 26. b3 Re3 27. Qf4
Re7 28. Be4 Qb5 29. c4 Qe8 30. Re1 Kh8 31. Qf5 g6 32. Qf4 Kg7 33. Kh2 g5 34.
Qf6+ Kf8 0-1

[Event "AUTO-INT-2712"]
[Site "http://www.queenalice.com/game.php?id=1275216"]
[Date "2014.4.22"]
[Round "3"]
[White "daniel0176"]
[Black "lani"]
[Result "0-1"]
[WhiteElo "1694"]
[BlackElo "1798"]

1. e4 e5 2. d4 exd4 3. Qxd4 Nc6 4. Qc4 d6 5. h3 Nf6 6. Nc3 Be6 7. Qa4 Bd7 8. Nf3
Be7 9. Bg5 h6 10. Bxf6 Bxf6 11. Bc4 Nd4 12. Bxf7+ Kxf7 13. Qc4+ Be6 14. Qd3 Re8
15. O-O Nxf3+ 16. Qxf3 Kg8 17. Rad1 Rf8 18. Qg3 Qe7 19. Ne2 Bc4 20. Rfe1 Bxe2
21. Rxe2 Rf7 22. Rde1 Raf8 23. f4 Bh4 24. Qb3 Bxe1 25. Rxe1 b6 26. a4 Kh8 27. f5
Rxf5 28. Qc3 Rf4 29. Qd3 c6 0-1

[Event "AUTO-INT-2712"]
[Site "http://www.queenalice.com/game.php?id=1275217"]
[Date "2014.4.22"]
[Round "3"]
[White "lani"]
[Black "Mapelli"]
[Result "0-1"]
[WhiteElo "1788"]
[BlackElo "1492"]

1. e4 b6 2. g3 Bb7 3. Bg2 g6 4. Ne2 Bg7 5. c3 Nf6 6. O-O O-O 7. e5 Ne4 8. d4 e6
9. Nd2 d5 10. Qc2 a5 11. Nxe4 dxe4 12. Bxe4 Bxe4 13. Qxe4 Na6 14. f4 Qd7 15. Bd2
c5 16. g4 cxd4 17. Qxd4 Qe7 18. Qxb6 Rfd8 19. Nd4 Rdb8 20. Qc6 Rxb2 21. Qxa8+
Bf8 22. Qxa6 Rxd2 23. Rf2 Rxf2 24. Kxf2 Qh4+ 25. Kf3 Qh3+ 0-1

[Event "AUTO-INT-2712"]
[Site "http://www.queenalice.com/game.php?id=1275218"]
[Date "2014.4.22"]
[Round "3"]
[White "Mapelli"]
[Black "lani"]
[Result "0-1"]
[WhiteElo "1506"]
[BlackElo "1793"]

1. b3 e5 2. Bb2 d6 3. g3 Nf6 4. Bg2 Be7 5. Nf3 h6 6. O-O O-O 7. h3 Nd5 8. Nh4
Bxh4 9. gxh4 Qxh4 10. f3 Nf4 11. d3 Nxg2 12. Rf2 Bxh3 13. Nd2 f5 14. Nc4 Qg3 15.
Kf1 Ne3+ 0-1